The Third Wave (Record no. 4177)

MARC details
000 -LEADER
fixed length control field 00374nam a22001697a 4500
005 - DATE AND TIME OF LATEST TRANSACTION
control field 20160627110755.0
008 - FIXED-LENGTH DATA ELEMENTS--GENERAL INFORMATION
fixed length control field 160627b xxu||||| |||| 00| 0 eng d
020 ## - INTERNATIONAL STANDARD BOOK NUMBER
ISBN 0-553-24698-4
041 ## - LANGUAGE CODE
Language code of text/sound track or separate title eng
082 ## - DEWEY DECIMAL CLASSIFICATION NUMBER
Item number 10424
100 ## - MAIN ENTRY--AUTHOR NAME
Personal name Toffler Alvin
245 ## - TITLE STATEMENT
Title The Third Wave
260 ## - PUBLICATION, DISTRIBUTION, ETC. (IMPRINT)
Name of publisher Banton
Year of publication 1981
300 ## - PHYSICAL DESCRIPTION
Number of Pages 443
650 ## - SUBJECT ADDED ENTRY--TOPICAL TERM
Topical Term Management
942 ## - ADDED ENTRY ELEMENTS (KOHA)
Koha item type Books
Holdings
Lost status Damaged status Collection code Home library Current library Shelving location Date acquired Full call number Accession Number Koha item type
    LIFE SKILL JRU Library JRU Library SHELF-101-C 27/06/2016 823.912 10424 Books